Normal view
MARC view
- الجراد في الادب العربي - الادب العربي - تاريخ ونقد
Entry Topical Term
001 - CONTROL NUMBER
- control field: 48657
003 - CONTROL NUMBER IDENTIFIER
- control field: JO-AjAnu
005 - DATE AND TIME OF LATEST TRANSACTION
- control field: 20230606082025.0
008 - FIXED-LENGTH DATA ELEMENTS
- fixed length control field: 230606|| aca||aabn | a|a d
040 ## - CATALOGING SOURCE
- Original cataloging agency: JO-AjAnu
- Transcribing agency: JO-AjAnu
150 ## - HEADING--TOPICAL TERM
- Topical term or geographic name entry element: الجراد في الادب العربي - الادب العربي - تاريخ ونقد
670 ## - SOURCE DATA FOUND
- Source citation: Work cat.: (JO-AjAnu)24891: الأسد، ناصر الدين 1923, author 48656, مقدمة لدراسة الجراد في التراث العربي